| 000 | 01456nam a2200337 a 4500 | ||
|---|---|---|---|
| 001 | BRCA_3471 | ||
| 005 | 20190320204311.0 | ||
| 008 | 290409s1760----enka---###---#000-0#eng-# | ||
| 041 | _aeng | ||
| 044 | _aenk | ||
| 084 |
_a760 _b.F47 _c1760 |
||
| 100 | 1 |
_aFernández de Avellaneda, Alonso _99050 |
|
| 245 | 1 | 0 |
_aThe History of the Life and Adventures of the Renowned Don Quixote De la Mancha, and his Humourous Squire Sancho Panca _cby Alonso Fernández de Avellaneda ; New Translated from the Original Spanish, with a Preface giving in Account of the Work by Mr. Baker. |
| 250 | _a2 | ||
| 260 |
_aLondres _bJ. Warcus _c1760 |
||
| 300 |
_a2 v. _bil. _c17 cm. |
||
| 500 | _aContenido : v.1. Prólogo del traductor. Texto. -- v.2. Texto | ||
| 500 | _aEdición : The second edition Illustrated with curious cuts | ||
| 500 | _aSegunda edición de la publicación anterior. Piel; lomeras adornadas con filetes dorados Lúdovik Osterc | ||
| 500 | _aEstado físico : Sello en la guarda y firma en la portada | ||
| 500 | _aQMB111 | ||
| 546 | _aTexto en : inglés | ||
| 650 | 1 | 4 |
_aNovela española _yÉpoca clásica, 1500-1700 _9215 |
| 650 | 1 | 4 |
_aLiteratura española _yÉpoca clásica, 1500-1700 _9216 |
| 650 | 1 | 4 |
_aNovela española _ySiglo XVII _9217 |
| 650 | 1 | 4 |
_aDon Quijote (Personaje ficticio) _eNovela _9218 |
| 700 | 1 |
_aMr. Baker _eTraductor _99051 |
|
| 740 | 0 | _aEl Ingenioso Hidalgo Don Quijote de la Mancha | |
| 902 | _aQFM | ||
| 942 |
_2lcc _cB |
||
| 999 |
_c3207 _d3207 |
||